000 008410000a22001810004500
003 MACL
005 20160427124353.0
008 160427b xxu||||| |||| 00| 0 eng d
040 _aMACL
_cMACL
041 _aHindi
082 _a800
100 _aताई यासमीन अब्‍बासअली
_954306
245 _aमोहन राकेश हिन्‍दी तथा कृश्‍न चन्‍दर उर्दू की कहानियों में प्रणयभाव तथा दाम्‍पत्‍य जीवन का चित्रण तुलनात्‍मक अध्‍ययन
260 _aनई दिल्‍ली
_bशान्ति प्रकाशन
_c2009
350 _a500
650 _aकथा साहित्‍य
_9191
942 _cHIN
_k800
_2ddc
999 _c46412
_d46412